MARC details
| 000 -LEADER |
| fixed length control field |
00713cai a22001815a 4500 |
| 001 - CONTROL NUMBER |
| control field |
L145871 |
| 008 - FIXED-LENGTH DATA ELEMENTS--GENERAL INFORMATION |
| fixed length control field |
081117u xxkabdog 000 0 eng d |
| 035 ## - SYSTEM CONTROL NUMBER |
| System control number |
(Sirsi) u145871 |
| 041 0# - LANGUAGE CODE |
| Language code of text/sound track or separate title |
eng |
| 110 2# - MAIN ENTRY--CORPORATE NAME |
| Corporate name or jurisdiction name as entry element |
Zillow |
| 9 (RLIN) |
5652 |
| 245 00 - TITLE STATEMENT |
| Title |
Zillow |
| Medium |
[electronic resource] |
| 520 ## - SUMMARY, ETC. |
| Summary, etc. |
Real estate valuation and sales portal for the United States. Provides details of homes for sale, comparables and financing details. Also features guides on purchasing residential real estate and the property market in specific areas. |
| 590 ## - LOCAL NOTE (RLIN) |
| Local note |
KA |
| 651 #4 - SUBJECT ADDED ENTRY--GEOGRAPHIC NAME |
| Geographic name |
United States |
| Chronological subdivision |
1959- |
| 690 ## - LOCAL SUBJECT ADDED ENTRY--TOPICAL TERM (OCLC, RLIN) |
| Topical term or geographic name as entry element |
PROPERTY-PROPERTY AGENCY |
| 856 40 - ELECTRONIC LOCATION AND ACCESS |
| Uniform Resource Identifier |
<a href="https://www.zillow.com/">https://www.zillow.com/</a> |
| Public note |
View the website free of charge at www.zillow.com... |
| 942 ## - ADDED ENTRY ELEMENTS (KOHA) |
| Suppress in OPAC |
0 |